Geologic factors that control the occurrence and availability of ground water in the Fort Rock Basin, Lake County, Oregon /

Bibliographic Details
Main Author: Hampton, E. R.
Corporate Author: Oregon. State Engineer
Format: Government Document Book
Language:English
Published: Washington : U.S. Govt. Print. Off, 1964.
Series:Hydrology of volcanic-rock terranes.
Geological Survey professional paper ; 383-B.
Subjects:

MARC

Tag First Indicator Second Indicator Subfields
LEADER 00000cam a2200000 4500
001 in00002784893
005 20151202171857.0
008 700413s1964 dcuab b 000 0 eng
010 |a  73605565  
035 |a (OCoLC)ocm00066618 
035 |a (OCoLC)66618 
040 |a DLC  |c DLC  |d IAS  |d OCLCQ  |d BTCTA  |d UtOrBLW 
043 |a n-us-or 
049 |a TXAM 
050 0 0 |a QE75  |b .P9 no. 383-B 
082 0 0 |a 550/.8 s 
086 0 |a I 19.16:383-B 
100 1 |a Hampton, E. R. 
245 1 0 |a Geologic factors that control the occurrence and availability of ground water in the Fort Rock Basin, Lake County, Oregon /  |c by E.R. Hampton. 
264 1 |a Washington :  |b U.S. Govt. Print. Off,  |c 1964. 
300 |a iii, 29 pages :  |b illustrations, maps (1 folded in pocket) ;  |c 29 cm. 
336 |a text  |b txt  |2 rdacontent 
337 |a unmediated  |b n  |2 rdamedia 
338 |a volume  |b nc  |2 rdacarrier 
490 1 |a Hydrology of volcanic-rock terranes 
490 1 |a Geological Survey professional paper 383-B 
500 |a "Prepared in cooperation with the Oregon State Engineer." 
504 |a Bibliography: page 27. 
650 0 |a Groundwater  |z Oregon  |z Lake County. 
650 0 |a Geology  |z Oregon  |z Lake County. 
710 1 |a Oregon.  |b State Engineer. 
830 0 |a Hydrology of volcanic-rock terranes. 
830 0 |a Geological Survey professional paper ;  |v 383-B. 
948 |a cataloged  |b h  |c 2012/12/14  |d c  |e mvaldespin  |f 01:22:42 pm 
994 |a C0  |b TXA 
999 |a MARS 
999 f f |s 634f607e-08b9-357b-94f9-b08f869b1875  |i 3dae072e-c346-35be-ae86-1703d71db949  |t 0 
952 f f |p normal  |a Texas A&M University  |b College Station  |c Sterling C. Evans Library  |d Evans: US Documents (Annex 5th floor)  |t 0  |e I 19.16:382-A-385  |h Superintendent of Documents classification  |i unmediated -- volume  |m A14837789682 
952 f f |a Texas A&M University  |b College Station  |c Sterling C. Evans Library  |d Evans: US Documents (Annex 5th floor)  |t 0  |e I 19.16:382-A-385  |h Superintendent of Documents classification 
998 f f |a I 19.16:382-A-385  |t 0  |l Evans: US Documents (Annex 5th floor)